| Tag |
First Indicator |
Second Indicator |
Subfields |
| LEADER |
00000pam a2200000 a 4500 |
| 001 |
in00000092842 |
| 005 |
20150923173318.0 |
| 008 |
810601s1981 nyua j 00110 eng |
| 010 |
|
|
|a 81008943
|
| 020 |
|
|
|a 0684169584 :
|c $9.95
|
| 035 |
|
|
|a (OCoLC)07574662
|
| 035 |
|
|
|9 AAK7849AM
|
| 039 |
0 |
|
|a 2
|b 3
|c 3
|d 3
|e 3
|
| 040 |
|
|
|a DLC
|c DLC
|d TXA
|d UtOrBLW
|
| 049 |
|
|
|a [Curr Col] TXAM
|c [952204]
|
| 050 |
0 |
0 |
|a PE1574
|b S27
|
| 082 |
0 |
|
|a 422
|2 19
|
| 100 |
1 |
|
|a Sarnoff, Jane.
|
| 245 |
1 |
0 |
|a Words :
|b a book about the origins of everyday words and phrases /
|c by Jane Sarnoff and Reynold Ruffins.
|
| 264 |
|
1 |
|a New York :
|b Scribner,
|c [1981]
|
| 264 |
|
4 |
|c ©1981
|
| 300 |
|
|
|a 64 pages :
|b illustrations ;
|c 24 cm.
|
| 336 |
|
|
|a text
|b txt
|2 rdacontent
|
| 337 |
|
|
|a unmediated
|b n
|2 rdamedia
|
| 338 |
|
|
|a volume
|b nc
|2 rdacarrier
|
| 500 |
|
|
|a Includes index.
|
| 520 |
|
|
|a Traces the origin of common American-English words and phrases. Also explains how the English language developed and words are formed.
|
| 650 |
|
0 |
|a English language
|x Etymology
|v Juvenile literature.
|
| 650 |
|
1 |
|a English language
|x Etymology.
|
| 700 |
1 |
|
|a Ruffins, Reynold.
|
| 999 |
|
|
|a MARS
|
| 999 |
f |
f |
|s 1be3e034-6d45-3e86-a2fd-6838da019d68
|i e31103d1-f6df-369c-b4e9-5543bbdd0c59
|t 0
|
| 952 |
f |
f |
|p ric
|a Texas A&M University
|b Rellis Campus
|c Joint Library Facility
|d Remote Storage
|t 0
|e PE1574 S27
|h Library of Congress classification
|i unmediated -- volume
|m A14806281075
|
| 998 |
f |
f |
|a PE1574 S27
|t 0
|l Remote Storage
|